Návrh inovácie podnikania vybraného podniku bakalárska práca

Enregistré dans:
Détails bibliographiques
Auteur principal: Kapitulčin, Martin
Collectivité auteur: Fakulta podnikového manažmentu EU. Katedra manažmentu
Autres auteurs: Zagoršek, Branislav, 1984-
Format: Livre
Langue:slovaque
Publié: Bratislava 2023
Tags: Ajouter un tag
Pas de tags, Soyez le premier à ajouter un tag!

MARC

LEADER 00000nbm a2200000 4500
001 0293613
005 20240430094050.0
041 0 |a slo 
044 |a SK 
245 1 0 |a Návrh inovácie podnikania vybraného podniku  |b bakalárska práca  |c Martin Kapitulčin ; školiteľ: Branislav Zagoršek 
264 1 |a Bratislava  |c 2023 
300 |a 44 s. 
100 1 |a Kapitulčin, Martin 
700 1 |a Zagoršek, Branislav, 1984- 
710 2 |a Fakulta podnikového manažmentu EU. Katedra manažmentu